01048nam a22002297a 4500008004100000020001500041020001500056040001800071041000800089245020200097260010400299300001800403600003400421600006000455651006800515651003700583651003300620651007800653700002900731700003100760700002700791130821s1975 ve gr spa  a9800723536 a9800723579 aCo-BoUCMbspa00aspa00aDocumentos referentes a la creación de Bolivia con un resumen de las guerras de BolívarcVicente Lecuna [compilador] ; liminar, J.L. Salcedo-Bastardo ; introducción, Santos Rodulfo Cortés. aCaracas (Venezuela)bComisión Nacional del Bicentenario del Gran Mariscal Sucre (1795-1995)c1975 a2 volúmenes 7aBolívar, Simónd1783-1830 7aSucre, Antonio José ded1795-1830xMisiones militares 7aAmérica LatinaxHistoriayGuerras de independencia, 1806-1830 7aBoliviaxHistoria constitucional 7aBoliviaxHistoriay1825-1879 7aBoliviaxHistoriayGuerra de Independencia, 1809-1825xMisiones militares1 aCortés, Santos Rodulfo1 aLecuna, Vicented1870-19541 aSalcedo Bastardo, J.L.